000 00492nam a22001457a 4500
003 MACL
005 20190324150447.0
008 190324b xxu||||| |||| 00| 0 eng d
040 _cMACL
100 _aदत्‍त,भवतोष
_973938
245 _aक्षितिमाेहन सेन
260 _aनई दिल्‍ली
_bराष्‍ट्रीय पुस्‍तक न्‍यसा,भारत
_c2015
650 _aजीवनी
_97943
942 _2ddc
_cHIN
999 _c59113
_d59113